Historie gdańskich dzielnic
| Titel: | Historie gdańskich dzielnic / pod redakcją Janusza Dargacza, Katarzyny Kurkowskij i Piotra Paluchowskiego |
|---|---|
| Teil: | Tom 5. Zaspa i Przymorze / pod redakcją Janusza Dargacza i Piotra Paluchowskiego |
| Beteiligt: | ; |
| Veröffentlicht: | Gdańsk : Muzeum Gdańska, 2024 |
| Umfang: | 399, [1] Seiten : Illustrationen, Karten ; 24 cm. |
| Format: | Buch |
| Sprache: | Polnisch |
| Schriftenreihe/ mehrbändiges Werk: |
Historie gdańskich dzielnic / pod redakcją Janusza Dargacza, Katarzyny Kurkowskij i Piotra Paluchowskiego ; Tom 5 alle Bände anzeigen
|
| ISBN: | 9788396718358 ; 8396718350 |
| Hinweise zum Inhalt: |
Inhaltsverzeichnis
Cover |
alg: 52156581 001A $03004:18-09-24 001B $01999:04-12-25 $t22:16:06.000 001D $03004:18-09-24 001U $0utf8 001X $00 002@ $0Afu 002C $aText $btxt $2rdacontent 002D $aohne Hilfsmittel zu benutzen $bn $2rdamedia 002E $aBand $bnc $2rdacarrier 003@ $0521565812 003O $01456228140 $aOCoLC 004A $A978-83-967183-5-8 $f((oprawa miękka)) 004A $083-967183-5-0 006C $01443071631 $aOCoLC 007A $0521565812 $aHEB 007G $0DE0207A45DE7BEC9E3D96C1258C18003EE018 009P $qapplication/pdf $A2 $3Inhaltsverzeichnis $uhttp://scans.hebis.de/HEBCGI/show.pl?52156581_toc.pdf $mV:DE-603;B:DE-Mb50 009P $qapplication/pdf $A2 $3Cover $uhttp://scans.hebis.de/HEBCGI/show.pl?52156581_cov.pdf $mV:DE-603;B:DE-Mb50 010@ $apol 010E $erda 011@ $a2024 021A $aZaspa i Przymorze $hpod redakcją Janusza Dargacza i Piotra Paluchowskiego 028C $BHerausgeber $4edt $71235244350 $8Dargacz, Janusz [Tp3] $9480247730 028C $BHerausgeber $4edt $71053189982 $8Paluchowski, Piotr$Z1982- [Tp3] $9342849506 033A $pGdańsk $nMuzeum Gdańska 034D $a399, [1] Seiten 034I $a24 cm. 034M $aIllustrationen, Karten 036C $aHistorie gdańskich dzielnic $x15 $hpod redakcją Janusza Dargacza, Katarzyny Kurkowskij i Piotra Paluchowskiego $lTom 5 036D $x15 $8Historie gdańskich dzielnic / pod redakcją Janusza Dargacza, Katarzyny Kurkowskij i Piotra Paluchowskiego $9491572123 044A $aGdańsk (woj $2dbn $S#7 $N651 044A $aPrzymorze (Gdańsk ; część miasta) $2dbn $S#7 $N651 044A $aZaspa (Gdańsk ; część miasta) $2dbn $S#7 $N651 044A $aDzielnice (części miast) $2dbn $S#7 $N650 044A $aLudność miejska $2dbn $S#7 $N650 044A $aMonografia $2dbn $S#7 $N655 044K $#Danzig $#Ville Libre de Danzig $#Dantzig $#Ville Libre de Dantzig $#Freistaat Danzig $#Gdańsk $#Freie Stadt Danzig $#Urząd Miejski w Gdańsku $#Gyddanzyc $#Gedanum $#Dantiscum $74011039-4 $8Danzig [Tg1] $9085022225 044K $RDanzig $#Danzig-Zaspa $#Saspe Danzig $#Danzig-Saspe $#Gdańsk-Zaspa $71353260658 $8Zaspa$gDanzig [Tg1] $9525302476 044K $#Konradshammer $71051838991 $8Przymorze [Tg4] $9340857196 044K $ROrt $#Ortsteil $#Stadtteil $74437321-1 $8Ortsteil [Ts1] $9088752925 047C $aZaspa i Przymorze lok: 52156581 24 exp: 52156581 24 1 #EPN 201B/01 $013-01-25 $t09:03:21.000 201C/01 $018-09-24 201U/01 $0utf8 203@/01 $01274623863 208@/01 $a18-09-24 $bz 209A/01 $a24.05071 $du $f050 $h24 05071 K $x00 209C/01 $a24.05071 K $h24 05071 K 209G/01 $a74892884 $x00 220C/01 $ahae 247C/01 $8358050-7Marburg, Bibliothek des Herder-Instituts Marburg $9102600961
| LEADER | 00000cam a2200000 cc4500 | ||
|---|---|---|---|
| 001 | 521565812 | ||
| 003 | DE-603 | ||
| 005 | 20251204221606.0 | ||
| 007 | tu | ||
| 008 | 240918s2024 xx |||| | u00||u|pol c | ||
| 020 | |a 9788396718358 |c ((oprawa miękka)) | ||
| 020 | |a 8396718350 | ||
| 035 | |a (DE-599)HEB521565812 | ||
| 035 | |a (OCoLC)1456228140 | ||
| 040 | |a DE-603 |b ger |c DE-603 |d DE-603 |e rda | ||
| 041 | |a pol | ||
| 245 | 0 | 0 | |a Historie gdańskich dzielnic |n Tom 5 |p Zaspa i Przymorze / pod redakcją Janusza Dargacza i Piotra Paluchowskiego |c pod redakcją Janusza Dargacza, Katarzyny Kurkowskij i Piotra Paluchowskiego |
| 246 | 1 | 0 | |a Zaspa i Przymorze |
| 264 | 1 | |a Gdańsk |b Muzeum Gdańska |c 2024 | |
| 300 | |a 399, [1] Seiten |b Illustrationen, Karten |c 24 cm. | ||
| 336 | |a Text |b txt |2 rdacontent | ||
| 337 | |a ohne Hilfsmittel zu benutzen |b n |2 rdamedia | ||
| 338 | |a Band |b nc |2 rdacarrier | ||
| 650 | 7 | |a Ortsteil |0 (DE-588)4437321-1 |0 (DE-603)088752925 |2 gnd | |
| 651 | 7 | |a Danzig |0 (DE-588)4011039-4 |0 (DE-603)085022225 |2 gnd | |
| 651 | 7 | |a Zaspa |g Danzig |0 (DE-588)1353260658 |0 (DE-603)525302476 |2 gnd | |
| 651 | 7 | |a Przymorze |0 (DE-588)1051838991 |0 (DE-603)340857196 |2 gnd | |
| 700 | 1 | |a Dargacz, Janusz |e Herausgeber |4 edt |0 (DE-603)480247730 |0 (DE-588)1235244350 |2 gnd | |
| 700 | 1 | |a Paluchowski, Piotr |d 1982- |e Herausgeber |4 edt |0 (DE-603)342849506 |0 (DE-588)1053189982 |2 gnd | |
| 773 | 0 | 8 | |q 15 |w (DE-603)491572123 |
| 856 | 4 | 2 | |m V:DE-603;B:DE-Mb50 |q application/pdf |u http://scans.hebis.de/HEBCGI/show.pl?52156581_toc.pdf |3 Inhaltsverzeichnis |
| 856 | 4 | 2 | |m V:DE-603;B:DE-Mb50 |q application/pdf |u http://scans.hebis.de/HEBCGI/show.pl?52156581_cov.pdf |3 Cover |
| 924 | 0 | |9 Mb 50 |a (DE-603)1274623863 |b DE-Mb50 |c HES |d c |g 24.05071 | |
alle Bände anzeigen

